Food science and food security (Record no. 395568)

MARC details
000 -LEADER
fixed length control field 00456 a2200181 4500
005 - DATE & TIME
control field 20260122101640.0
008 - FIXED-LENGTH DATA ELEMENTS--GENERAL INFORMATION
fixed length control field 260122b |||||||| |||| 00| 0 eng d
020 ## - ISBN
International Standard Book Number 9788197115097
Price Rs. 2100.00
040 ## - CATALOGING SOURCE
Original cataloging agency VIVEKANANDA LIBRARY
082 ## - DDC NUMBER
Classification number 664
Book Number K529F
100 ## - MAIN ENTRY--PERSONAL NAME
Personal name Khurana, Himanshi
245 ## - TITLE STATEMENT
Title Food science and food security
260 ## - PUBLICATION, DISTRIBUTION, ETC. (IMPRINT)
Name of publisher, distributor, etc Yking Books
Date of publication, distribution, etc 2024
Place of publication, distribution, etc Jaipur
300 ## - PHYSICAL DESCRIPTION
Pages 263
650 ## - Subject
Subject Food Technology
650 ## - Subject
Subject Food Processing
942 ## - ADDED ENTRY ELEMENTS (KOHA)
Koha item type Books
Holdings
Withdrawn status Lost status Source of classification or shelving scheme Damaged status Not for loan Location (home branch) Sublocation or collection (holding branch) Shelving location Date acquired Koha issues (times borrowed) Koha full call number Accession No. Koha date last seen Koha item type
    Dewey Decimal Classification     VIVEKANANDA LIBRARY VIVEKANANDA LIBRARY IHTM Library 05/01/2026   664 K529F 425182 05/01/2026 Books
© Designed and Maintained by Vivekananda Library, MDU Rohtak